Guess the Language! - Statistics

General Stats
  • This quiz has been taken 62 times
  • The average score is 7 of 12
Answer Stats
Sentence Language % Correct
Ceci est ma première phrase aléatoire. Quelle langue suis-je? French
98%
가장 좋아하는 가수는 누구입니까? Korean
93%
Abbracciami con la mente. Il sole sembra spento. Italian
89%
Quem é o seu operador favorito do Rainbow Six Siege? O meu é Flores. Acabei de pegá-lo há 2 dias! Portuguese
87%
Маған банан, алма, банан ұнайды. Kazakh
57%
Existuje celkom 6 500 jazykov. Mohol by som pokračovať celý deň! Slovak
56%
ווער איז דיין באַליבסטע יאָובובער? Yiddish
48%
Wat moet ek volgende sê? Afrikaans
44%
Koliko jezika možete govoriti? Bosnian
33%
Ikkummenta min hu l-operatur favorit tiegħek ta 'Rainbow Six Siege! Maltese
30%
Apa aku isih nerusake babagan iki? Javanese
20%
Nshobora kuvuga bike mubutaliyani nigifaransa! Kinyarwanda
11%
No matching quizzes found
Score Distribution
Percent of People with Each Score
Percentile by Number Answered
Your Score History
You have not taken this quiz